| 000 | 00637nam a22001697a 4500 | ||
|---|---|---|---|
| 003 | BD-DhUL | ||
| 005 | 20160829200533.0 | ||
| 008 | 160829b xxu||||| |||| 00| 0 eng d | ||
| 040 | _cBD-DhUL | ||
| 082 |
_a920.054925 _bABK |
||
| 100 | _aকুদ্দুস, মোহাম্মদ আবদুল | ||
| 245 |
_aকুমিল্লার স্মরণীয় বরণীয় / _cকুদ্দুস, মোহাম্মদ আবদুল |
||
| 260 |
_aঢাকা : _bআহমদ, _c১৯৮৭. |
||
| 300 |
_a১৩৪ পৃ. ; _c২২ সেমি. |
||
| 650 |
_aইতিহাস _vHistory |
||
| 942 |
_2ddc _cBK |
||
| 999 |
_c102654 _d102654 |
||